Statistics for All County Seats in Illinois

Click here to take the quiz!

General Stats

  • This quiz has been taken 16 times
  • The average score is 28 of 102

Answer Stats

CountyCounty Seat% Correct
CookChicago
88%
PeoriaPeoria
88%
SangamonSpringfield
88%
McLeanBloomington
75%
EffinghamEffingham
75%
LoganLincoln
75%
WinnebagoRockford
75%
AlexanderCairo
63%
DeWittClinton
63%
VermilionDanville
63%
MaconDecatur
63%
WillJoliet
63%
KankakeeKankakee
63%
WilliamsonMarion
63%
Rock IslandRock Island
63%
ChampaignUrbana
63%
LakeWaukegan
63%
ColesCharleston
50%
MadisonEdwardsville
50%
MorganJacksonville
50%
MassacMetropolis
50%
JeffersonMount Vernon
50%
LivingstonPontiac
50%
BooneBelvidere
38%
FranklinBenton
38%
KaneGeneva
38%
McDonoughMacomb
38%
BrownMount Sterling
38%
LaSalleOttawa
38%
EdgarParis
38%
DeKalbSycamore
38%
CumberlandToledo
38%
DouglasTuscola
38%
DuPageWheaton
38%
WhiteCarmi
25%
RandolphChester
25%
WoodfordEureka
25%
Joe DaviessGalena
25%
PopeGolconda
25%
CalhounHardin
25%
SalineHarrisburg
25%
JerseyJerseyville
25%
LawrenceLawrence
25%
JasperNewton
25%
OgleOregon
25%
TazewellPekin
25%
BureauPrinceton
25%
AdamsQuincy
25%
MarionSalem
25%
ShelbyShelbyville
25%
FayetteVandalia
25%
JohnsonVienna
25%
McHenryWoodstock
25%
KendallYorkville
25%
EdwardsAlbion
13%
MercerAledo
13%
HenryCambridge
13%
HancockCarthage
13%
LeeDixon
13%
HardinElizabethtown
13%
WayneFairfield
13%
StephensonFreeport
13%
MasonHavana
13%
UnionJonesboro
13%
FultonLewistown
13%
ClarkMarshall
13%
HamiltonMcLeansboro
13%
GrundyMorris
13%
PulaskiMound City
13%
WabashMount Carmel
13%
CarrollMount Carroll
13%
JacksonMurphysboro
13%
WashingtonNashville
13%
RichlandOlney
13%
FordPaxton
13%
MenardPetersburg
13%
PerryPinckneyville
13%
PikePittsfield
13%
CrawfordRobinson
13%
GallatinShawneetown
13%
MoultrieSullivan
13%
ChristianTaylorville
13%
StarkToulon
13%
CassVirginia
13%
IroquoisWatseka
13%
St. ClairBelleville
0%
MacoupinCarlinville
0%
ClintonCarlyle
0%
GreeneCarrolltown
0%
KnoxGalesboro
0%
BondGreenville
0%
PutnamHennepin
0%
MontgomeryHillsboro
0%
MarshallLacon
0%
ClayLouisville
0%
WarrenMonmouth
0%
PiattMonticello
0%
WhitesideMorrison
0%
HendersonOquawka
0%
SchuylerRushville
0%
MonroeWaterloo
0%
ScottWinchester
0%

Score Distribution

Percentile by Number Answered

Percent of People with Each Score

Your Score History

You have not taken this quiz